书目信息 |
| 题名: |
商业物业管理
|
|
| 作者: | 宋建阳 编著 | |
| 分册: | ||
| 出版信息: | 广州 华南理工大学出版社 2002.09 |
|
| 页数: | 267页 | |
| 开本: | 20cm | |
| 丛书名: | ||
| 单 册: | ||
| 中图分类: | F293.33-43 | |
| 科图分类: | ||
| 主题词: | 城市经济 , 市政经济 | |
| 电子资源: | ||
| ISBN: | 7-5623-1857-3 | |
| 000 | 00560nam0 2200193 45 | |
| 001 | 0355255246 | |
| 005 | 2003022615205510 | |
| 010 | @a7-5623-1857-3@dRMB 17.00 | |
| 100 | @a20030226d2002 km y0chiy0120 ea | |
| 101 | 0 | @achi |
| 200 | 1 | @a商业物业管理@Ashang ye wu ye guan li@f宋建阳等编著@Fsong jian yang deng bian zhu |
| 210 | @a广州@c华南理工大学出版社@d2002.09 | |
| 215 | @a267页@d20cm | |
| 606 | 0 | @a城市经济 |
| 606 | 0 | @a市政经济 |
| 690 | @aF293.33-43@v3 | |
| 701 | 0 | @a宋建阳@Asong jian yang@4编著 |
| 801 | 0 | @aCN@bPFT@c20030226 |
| 905 | @dF293.33-43@eS7651 | |
| 商业物业管理/宋建阳等编著.-广州:华南理工大学出版社,2002.09 |
| 267页;20cm |
| ISBN 7-5623-1857-3:RMB 17.00 |
| ● |
| 相关链接 |
|
|
|
正题名:商业物业管理
索取号:F293.33-43/S7651
 
预约/预借
| 序号 | 登录号 | 条形码 | 馆藏地/架位号 | 状态 | 备注 |
| 1 | 364524 | 203645243 | 社科库409/ [索取号:F293.33-43/S7651] | 在馆 | |
| 2 | 364525 | 203645252 | 社科库409/409社科库 49排3列4层/ [索取号:F293.33-43/S7651] | 在馆 |